On This Day: July 26th II Quiz Stats

 Plays Quiz Updated Jul 26, 2018

Score 0/7 Timer 03:00
0 Plays Today
Question Answer Wrong Answers
This founding member and lead singer of The Rolling Stones is born in Dartford, Kent, England.
1943
Mick Jagger
94.4%
Keith Richards
4%
Eric Clapton
0.6%
David Bowie
0.5%
This female politician becomes the first woman to be nominated for President of the United States by a major political party.
2016
Hillary Clinton
92.6%
Sarah Palin
4.4%
Nancy Pelosi
1.1%
Condoleezza Rice
0.8%
Germany and Italy decide to support general Francisco Franco and the Nationalist faction in this country’s civil war.
1936
Spain
90.3%
France
4%
Greece
1.6%
Argentina
3.7%
This controversial law enforcement figure, who would become the first director of the FBI, gets his first job at the US Justice Department.
1917
J. Edgar Hoover
89.1%
Eliot Ness
5.6%
Robert Mueller
1.4%
Joseph McCarthy
3.8%
This American printer, inventor, and statesman is appointed to the new office of Postmaster General by the Second Continental Congress.
1775
Benjamin Franklin
85.7%
Thomas Jefferson
4.1%
James Madison
3%
Paul Revere
7.1%
This man leads over 100 rebels, including his younger brother, in a failed attack on a military barracks, starting the Cuban Revolution.
1953
Fidel Castro
78.4%
Raúl Castro
4.6%
Che Guevara
13.3%
Hugo Chávez
2.8%
The United States begins its involvement in the conflict in Vietnam as President Harry Truman authorizes 15 million dollars in aid to ______, who were engaged in war there.
1950
France
63.7%
Britain
6%
South Korea
21.3%
China
8.2%

You're not logged in!

Compare scores with friends on all Sporcle quizzes.
OR
Log In

Sporcle TV

Today on Sporcle TV


Watch our educational content, quiz creation guides, and fun videos on Sporcle TV.

Show Comments

Extras

Top Quizzes Today


Score Distribution

Your Account Isn't Verified!

In order to create a playlist on Sporcle, you need to verify the email address you used during registration. Go to your Sporcle Settings to finish the process.

Report this User

Report this user for behavior that violates our Community Guidelines.

Details: